000 00472nam a2200205Ia 4500
003 OSt
005 20251030092918.0
008 250729s2005 xx 000 0 und d
020 _a978-8189005665
040 _cAL
041 _aeng
082 _a374 SINA
100 _aSingh U K
_9223572
245 _aAdult education
260 _aNew Delhi
_c2005
300 _a293p
650 _aAdult Education
_9223573
700 _aSudarshan K N
_9223574
942 _2ddc
_cBED
999 _c235973
_d235973